000 00280nam a22001337a 4500
008 181008b xxu||||| |||| 00| 0 eng d
020 _a9780967130606
041 _aeng
080 _a573
100 _a11
101 _aBIO
245 _aEcoBeaker 2.0
_cMeir,E
942 _2udc
_cBK
999 _c49039
_d49039